Rozhodovacie úlohy a ich zabezpečenie

Predmet rozhodovania. Definovanie rozhodovacích systémov. Typy rozhodovacích úloh v podniku a vo verejnej správe. Hlavné metódy operačnej analýzy. Typy modelov v podnikovej praxi: bilančné, grafické, matematického programovania, hromadnej obsluhy, riadenia zásob, lokalizačné, teórie hier, simulačné,...

Ausführliche Beschreibung

Gespeichert in:
Bibliographische Detailangaben
1. Verfasser: Grell, Michal
Format: Buchkapitel
Sprache:Slowakisch
Schlagworte:
Tags: Tag hinzufügen
Keine Tags, Fügen Sie das erste Tag hinzu!

MARC

LEADER 00000naa$a2200000$$$4500
001 0040029
005 20240502071507.0
041 0 |a slo 
044 |a SK 
245 1 0 |a Rozhodovacie úlohy a ich zabezpečenie  |c Michal Grell 
520 |a Predmet rozhodovania. Definovanie rozhodovacích systémov. Typy rozhodovacích úloh v podniku a vo verejnej správe. Hlavné metódy operačnej analýzy. Typy modelov v podnikovej praxi: bilančné, grafické, matematického programovania, hromadnej obsluhy, riadenia zásob, lokalizačné, teórie hier, simulačné, prognostické. Softvérové produkty z hľadiska väzby na rozhodovacie metódy. 
610 2 0 |a rozhodovanie podnikové 
610 2 0 |a procesy rozhodovacie 
610 2 0 |a metódy rozhodovania 
610 2 0 |a metódy kvantitatívne 
610 2 0 |a analýza operačná 
610 2 0 |a modely 
610 2 0 |a softvér 
610 2 0 |a podnik 
610 2 0 |a správa verejná 
100 1 |a Grell, Michal